000 00532nam a2200217Ia 4500
003 OSt
005 20220928142229.0
006 a|||||r|||| 00| 0
007 ta
008 220927b |||||||| |||| 00| 0 eng d
024 _a18857
037 _cTextual
040 _aSDCL
_cSDCL
_beng
041 _2eng
_aeng
082 _aO15:gxJ53,2, L8
100 _aBhatt Ashadhar
_9503039
245 0 _aKovidananda.
260 _c1978
942 _hO15:gxJ53,2, L8
_cTEXL
_2CC
999 _c821062
_d821062